| Registos Bibliográficos associados ao registo de autoridade |
|
Etiqueta de registo: 00707cam 2200241 450 001 1073029 003 http://id.bnportugal.gov.pt/bib/catbnp/1073029 005 20020218145900.0 010 ## $a972-794-053-6 021 ## $aPT$b166221/01 100 ## $a20011214d2001 m y0pory0103 ba 101 1# $apor 102 ## $aPT 105 ## $aa z 001gy 106 ## $ar 200 1# $aM'Hamid$e as portas do deserto ou um alentejo distante$fUlisses Rolim$gpref. Abdellatif Limami 210 #9 $aLisboa$cHugin,$d2001 215 ## $a47 p.$cil.$d23 cm 675 ## $a821.134.3-1"19"$vBN$zpor$3288131 700 #1 $aRolim,$bUlisses,$f1960-$3274601 702 #1 $aLimami,$bAbdellatif$4080$31022591 900 ## $aBIBNAC$d20130602 966 ## $lBN$mFGMON$sL. 70556 V.$x1 966 ## $lBN$mFGMON$sL. 70556 V.$x1
Etiqueta de registo: 00547cam 2200205 450 001 1097555 003 http://id.bnportugal.gov.pt/bib/catbnp/1097555 005 20030107103500.0 010 ## $a972-97212-3-8 021 ## $aPT$b187088/02 100 ## $a20030107d2002 m y0pory0103 ba 101 0# $apor 102 ## $aPT 105 ## $aa z 000yy 106 ## $ar 200 1# $aQuando só há uma tarde de Outuno$fUlisses Rolim 210 #9 $a[S.l.$cs.n.],$dD.L. 2002$e[Odivelas] :$gAgir ) 215 ## $a61 p.$cmuito il.$d24 cm 675 ## $a821.134.3-1"19"$vBN$zpor$3288131 675 ## $a77Rolim, Ulisses$vBN$zpor$31146592 700 #1 $aRolim,$bUlisses,$f1960-$3274601 801 #0 $aPT$bBN$gRPC 900 ## $aBIBNAC$d20130602 966 ## $lBN$mFGMON$sL. 76280 V.$x1 966 ## $lBN$mFGMON$sL. 76280 V.$x1
Etiqueta de registo: 00230nam 2200025 450 001 1667219 003 http://id.bnportugal.gov.pt/bib/catbnp/1667219 010 ## $a972-8966-08-3 021 ## $aPT$b241564/06 100 ## $a20070928d2006 m y0pory0103 ba 101 0# $apor$aspa 102 ## $aPT 105 ## $aa z 000gy 106 ## $ar 200 1# $aEnquanto as folhas se deixam morrer$dMientras las hojas se dejan morir$fUlisses Rolim$gtrad. José Maria Montells$zspa 205 ## $a1ª ed 210 #9 $a[Lisboa]$cVia Occidentalis,$d2006 215 ## $a85 p.$cil.$d20 cm 225 2# $aPoesia fotografia 510 1# $aMientras las hojas se dejan morir$zspa 675 ## $a821.134.3-1"19/20"$vBN$zpor$3567435 700 #1 $aRolim,$bUlisses,$f1960-$3274601 702 #1 $aMontells y Galán,$bJosé María$4730$31053907 801 #0 $aPT$bBN$gRPC 900 ## $aBIBNAC$d20130602 966 ## $lBN$mFGMON$pAmbar$sL. 99516 P.$x1 966 ## $lBN$mFGMON$pAmbar$sL. 99516 P.-D $x1
Etiqueta de registo: 00779cam 2200265 450 001 942877 003 http://id.bnportugal.gov.pt/bib/catbnp/942877 005 20011109150500.0 021 ## $aPT$b103698/96 095 ## $aPTBN00957222 100 ## $a19980210d1996 m y0pory0103 ba 101 0# $apor 102 ## $aPT 105 ## $aa z 000gy 106 ## $ar 200 1# $aManhã inacabada ou a vereda da memória$fUlisses Rolim$grev. Luísa Campeão 210 #9 $aÉvora$cU. Rolim,$d1996$e[Évora] :$gGráf. Eborense) 215 ## $a123 p.$cil.$d24 cm 675 ## $a821.134.3-1"19"$vBN$zpor$3288131 700 #1 $aRolim,$bUlisses,$f1960-$3274601 702 #1 $aCampeão,$bLuísa$4640$3279981 801 #0 $aPT$bBN$gRPC 966 ## $c2$lBN$mFGMON$sL. 56740 V.$x1 966 ## $c2$lBN$mFGMON$sL. 56740 V.$x1
Etiqueta de registo: 00230nam 2200025 450 001 1931938 003 http://id.bnportugal.gov.pt/bib/catbnp/1931938 010 ## $a978-989-51-6108-9 021 ## $aPT$b400402/15 100 ## $a20160519d2016 m y0pory01030103ba 101 1# $apor$afre 102 ## $aPT 105 ## $aa z 000gy 106 ## $ar 200 1# $aUns passos onde anoitece a vida$dDes pas où la vie est nuit tombante$fUlisses Rolim$ctrad. Myriam Zaluar$zfre 205 ## $a1ª ed 210 #9 $aLisboa$cChiado Editora,$d2016 215 ## $a89, [7] p.$cil.$d22 cm 225 2# $aViagens na ficção 510 1# $aDes pas où la vie est nuit tombante$zfre 675 ## $a821.134.3-1"19/20"$vBN$zpor$3567435 700 #1 $aRolim,$bUlisses,$f1960-$3274601 702 #1 $aZaluar,$bMyriam$4730$31570229 801 #0 $aPT$bBN$gRPC 856 41 $uhttp://rnod.bnportugal.gov.pt/ImagesBN/winlibimg.aspx?skey=&doc=1931938&img=76741&save=true 900 ## $aBIBNAC$d20160603 966 ## $lBN$mFGMON$sL. 135356 V.$x1 966 ## $lBN$mFGMON$sL. 135356 V.-D$x1
Etiqueta de registo: 00000nam 2200025 450 001 2040685 003 http://id.bnportugal.gov.pt/bib/catbnp/2040685 010 ## $a978-989-52-6479-7 021 ## $aPT$b459450/19 100 ## $a20200212d2019 m y0pory01030103ba 101 0# $apor$aund 102 ## $aPT 105 ## $aa z 000fy 106 ## $ar 200 1# $aKõue mõis ou o caminho de regresso a casa$fUlisses Rolim$gtrad. Alberto Costa$zund 205 ## $a1ª ed 210 #9 $aLisboa$cChiado Books,$d2019 215 ## $a133, [3] p.$cil.$d22 cm 225 2# $aViagens na ficção 675 ## $a821.134.3-34"19/20"$vBN$zpor$31120541 700 #1 $aRolim,$bUlisses,$f1960-$3274601 702 #1 $95$aCosta,$bAlberto$4730$31778538 801 #0 $aPT$bBN$gRPC 856 41 $uhttp://rnod.bnportugal.gov.pt/ImagesBN/winlibimg.aspx?skey=&doc=2040685&img=136372&save=true 900 ## $aBIBNAC$d20200309 966 ## $lBN$mFGMON$sL. 151019 V.$x1 966 ## $lBN$mFGMON$sL. 151019 V.-D$x1
Etiqueta de registo: 00230nam 2200025 450 001 2206477 003 http://id.bnportugal.gov.pt/bib/catbnp/2206477 010 ## $a978-972-97212-4-3 021 ## $aPT$b534296/24 100 ## $a20250228d2024 m y0pory01030103ba 101 1# $amul 102 ## $aPT 105 ## $aa z 000yy 106 ## $ar 200 1# $a A bonita senhora de olhos cinzentos da rua Kooli$dHallisilmne kaunitar Kooli tänavalt$d The beautiful grey - eyed lady of Kooli street$fUlisses Rolim$ctrad. Inês Ramos... [et al.]$zest$zeng 210 #9 $a[S.l.$cs.n.],$dD.L. 2024$eÉvora :$gGráfica Eborense) 215 ## $a137, [2] p.$cil.$d22 cm 305 ## $aEd. em português, estónio, inglês e russo 510 1# $aHallisilmne kaunitar Kooli tänavalt$zest 510 1# $a The beautiful grey - eyed lady of Kooli street$zeng 675 ## $a77Rolim, Ulisses$vBN$zpor$31146592 675 ## $a77.04(=1:469)"20"$vBN$zpor$31426427 675 ## $a77.065(=1:469)"20"$vBN$zpor$31428559 700 #1 $aRolim,$bUlisses,$f1960-$3274601 702 #1 $aRamos,$bInês$4730$3204537 801 #0 $aPT$bBN$gRPC 856 41 $uhttp://rnod.bnportugal.gov.pt/ImagesBN/winlibimg.aspx?skey=&doc=2206477&img=206440&save=true 900 ## $aBIBNAC$d20250410 966 ## $lBN$mFGMON$sB.A. 52175 V.$x1 966 ## $lBN$mFGMON$sB.A. 52175 V.-D$x1 971 ## $corlando$d20250228 972 ## $e0$z0$d20250410$vasantos 973 ## $cacosta$d20250402
Etiqueta de registo: 00254nam 2200025 450 001 2286647 003 http://id.bnportugal.gov.pt/bib/catbnp/2286647 010 ## $a978-972-97212-5-0 021 ## $aPT$b550351/25 100 ## $a20260521d2026 m y0pory01030103ba 101 0# $amul 102 ## $aPT 105 ## $aa z 000yy 106 ## $ar 200 1# $aDeusas de um palácio de outono$dSügispalee jumalannad$dGoddesses of an autumn palace$fUlisses Rolim$gtrad. Inês Ramos$zest$zeng 210 #9 $a[S.l.$cs.n.],$d2025$eÉvora$gGráfica Eborense) 215 ## $a139, [1] p.$cil.$d22 cm 305 ## $aEd. em português, estónio, inglês e russo 510 1# $aSügispalee jumalannad$zest 510 1# $aGoddesses of an autumn palace$zeng 675 ## $a77Rolim, Ulisses$vBN$zpor$31146592 675 ## $a77.04(=1:469)"20"$vBN$zpor$31426427 700 #1 $aRolim,$bUlisses,$f1960-$3274601 702 #1 $aRamos,$bInês$4730$3204537 801 #0 $aPT$bBN$gRPC 856 41 $uhttp://rnod.bnportugal.gov.pt/ImagesBN/winlibimg.aspx?skey=&doc=2286647&img=223708&save=true 966 ## $lBN$mFGMON$sB.A. 53875 V.$x1 966 ## $lBN$mFGMON$sB.A. 53875 V.-D$x1 971 ## $cabrito$d20260521 973 ## $cigoulao$d20260623
|
|
|